Франция (Запис номер 14466)
[ съкратено ]
| 000 -Лидер | |
|---|---|
| Контролно поле с фиксирана дължина | 01681nam a2200361 c 4500 |
| 003 - Код на организацията, давaща контролен номер | |
| Контролно поле | BLK |
| 005 - Дата и час на последна редакция | |
| Контролно поле | 20240405005331.0 |
| 008 - Елементи от данни с фиксирана дължина | |
| fixed length control field | 180412b bul|||||r ||||||| ||bul|| |
| 010 ## - Наследен системен номер | |
| LC control number | KNG00016178000 |
| 020 ## - Международен стандартен номер на книга ISBN | |
| Международен стандартен номер на книга ISBN | 954-8560-21-6 |
| -- | издат.: Парнас |
| 040 ## - Източник на каталожния запис | |
| Идентификатор на билиотеката - собственик на записа | BLK |
| 041 ## - Код за език | |
| Код за езика на текст/звукозапис или на отделно заглавие | Български |
| Код за езика КДБФ | Български |
| 080 ## - УДК | |
| Текстов определител УДК | Социография. Социално положение. Условия на политическия и социалния живот. Социално и социално-икономическо положение на отделните страни, народи, раси. Социална география. (Общи въпроси) |
| УДК код - определител по УДК | 308 |
| УДК определител | (44)(035) |
| УДК - код + определител | 308(44)(035) |
| 100 ## - Редна дума - Автор | |
| Автор | Дойков, Васил Георгиев |
| Автор - информация (биография) | Географ, краевед, писател |
| Дати, свързани с автора | 1930-2018 |
| R(LIN) | 364377 |
| 139 ## - Редно поле | |
| Редна дума | Франция |
| Авторски знак | Франс - Ф 78 |
| 245 10 - Сведения за заглавието | |
| Заглавие | Франция |
| Подзаглавни данни | Страна атлантическа и средиземноморска |
| Редно поле (дума) | Васил Георгиев Дойков. |
| 257 ## - Страна на издаване | |
| Страна на създаване/издаване | България |
| 260 ## - Област на издателските данни | |
| -- | Русе |
| Име на издателя, разпространителя и проч. | Парнас |
| Година на издаване | 1996 |
| 300 ## - Физическа характеристика | |
| Страници | 112 с. |
| Илюстрации и др. | с к. |
| Размери/Мащаб | 20 см |
| 380 ## - Жанр | |
| Жанр | Обществени науки |
| 490 1# - СЕРИИ (Колекции) | |
| Име на серия | Малка географска библиотека |
| №: серия | N 2 |
| 500 ## - Общи забележки | |
| Забележка | Други авт.: Ст. Дерменджиева, Ат. Дерменджиев, Р. Янков. - 2 250 тир. |
| 650 #4 - Допълнително описание по предмет – тема | |
| Основно описание – тема или топоним | Франция - справочници |
| 9 (RLIN) | 259315 |
| 651 #4 - Допълнително описание по предмет - топоним | |
| Географско понятие | Франция |
| 9 (RLIN) | 179722 |
| 653 ## - Ключова дума – ненормативна | |
| Ключова дума | Франция |
| 653 ## - Ключова дума – ненормативна | |
| Ключова дума | справочници |
| 852 ## - Местоположение | |
| Форматна сигнатура | Цб 191295 |
| 856 4# - Електронен адрес и достъп | |
| Електронен формат | pdf - файл |
| Път до файла /url/ | |
| 856 4# - Електронен адрес и достъп | |
| Електронен формат | pdf - файл |
| Път до файла /url/ | |
| 942 ## - АРТИКУЛИ | |
| Вид на библиотечния материал | Книги |
| Скрит в OPAC | Не |
| 944 ## - СЪЗДАВАНЕ И РЕДАКЦИЯ на ЗАПИСА | |
| Създаване/Редакция | Създаване |
| Дата на регистрацията/редакция | 15.01.2003 |
| Статус, дата на статуса | CRON CRON |
| Служител, извършил регистрацията/редакцията | |
| 944 ## - СЪЗДАВАНЕ И РЕДАКЦИЯ на ЗАПИСА | |
| Създаване/Редакция | Редакция |
| Дата на регистрацията/редакция | 22.07.2011 |
| Статус, дата на статуса | ф / |
| Служител, извършил регистрацията/редакцията | |
| 999 ## - СИСТЕМНИ КОНТРОЛНИ НОМЕРА | |
| Koha biblionumber | 14466 |
| Koha biblioitemnumber | 14466 |
| Код за отписване | Код за изгубен артикул | Източник на класификационната схема | Код за повреда | Коз за рестрикции | Код за отдаване | Артикулен № | Име на библиотеката - собственик | Име на библиотеката, в която се намира в момента | Статус (Текущо местоположение) | Дата на вписване в системата | Местоположение - отдел | Цена в лева | Инвентарен номер | Систематично азбучна сигнатура | Баркод | Номер на екземпляра | Цена в евро | Служебна бележка | Служебен тип на артикула |
|---|---|---|---|---|---|---|---|---|---|---|---|---|---|---|---|---|---|---|---|
| Не е изгубен | Universal Decimal Classification | Не е повреден | без рестрикции | ползва се в читалня | 24752 | Регионална библиотека "Любен Каравелов" Русе | Регионална библиотека "Любен Каравелов" Русе | Хранилище | 2001-01-01 | Хранилище | 0.00 | 629350 | Цб 191295 | 120000629350 | 1 | 0.00 | Дост: Dp Вид: Д N: стар фонд Дата: 01.01.1997 | Книги | |
| Изтеглен | Не е изгубен | Universal Decimal Classification | Не е повреден | без рестрикции | ползва се в читалня | 24753 | Регионална библиотека "Любен Каравелов" Русе | Регионална библиотека "Любен Каравелов" Русе | Читалня | 1997-01-01 | Читалня | 0.01 | 628603 | Ч 308(4)/Ф 78 | 628603 | 2 | 0.01 | Дост: Pk Вид: Ф N: стар фонд Дата: 01.01.1997 Дата инв: 22.03.2017 Бележки инв: Ч2017 | Книги |
| Изтеглен | Не е изгубен | Не е повреден | без рестрикции | заемане за дома | 24754 | Регионална библиотека "Любен Каравелов" Русе | Регионална библиотека "Любен Каравелов" Русе | Заемна - подръчен фонд | 2011-07-21 | Заемна - подръчен фонд | 2.00 | 120000752222 | П 308(4)/Ф 78 | 120000752222 | 3 | 1.02 | Дост: DA Вид: А N: 12 Дата: 21.07.2011 Дата инв: 02.02.2018 Бележки инв: П2018 | Книги |